Statistics for Movies Whose Sequels Just Add a 2

Click here to take the quiz!

General Stats

  • This quiz has been taken 139 times
  • The average score is 11 of 15

Answer Stats

YearMain Movie Star(s)Movie% Correct
1976Sylvester StalloneRocky
96%
1988Bruce WillisDie Hard
92%
1997Tommy Lee Jones & Will SmithMen in Black
89%
2002Tobey Maguire, Kirsten Dunst, & James FrancoSpider-Man
87%
1995Tom Hanks & Tim Allen (voices)Toy Story
87%
1984Bill Murray, Dan Aykroyd, & Harold RamisGhostbusters
84%
1996Tom CruiseMission Impossible
83%
1978Christopher ReeveSuperman
83%
2001Mike Myers & Eddie Murphy (voices)Shrek
82%
1998Jackie Chan & Chris TuckerRush Hour
71%
1992Mike Myers & Dana CarveyWayne's World
60%
1975Roy Scheider, Lorraine Gary, & Murray HamiltonJaws
59%
2006Owen Wilson (voice)Cars
44%
1999Michael J. Fox (voice)Stuart Little
30%
1989Andrew McCarthy, Jonathan Silverman, & Terry KiserWeekend at Bernie's
18%

Score Distribution

Percentile by Number Answered

Percent of People with Each Score

Your Score History

You have not taken this quiz